LEADER 01438nam a2200313 i 4500 001 000000155288 003 CaOOAMICUS 005 20211115122947.0 008 061106n it u000 u ita u 013 $a132637 040 $aSeMil$bita 245 10$aZona 5 /$ctesto realizzato grazie alla preziosa collaborazione dei ricercatori della memoria Giuseppe Bastone, Roberto Marelli, Alberto Recchi e Ruggero Revelli ; ideatrice e coordinatrice del progetto Paola Cascone ; testi a cura di Giorgio Bacchiega. 250 $aed. f.c. 300 $a236 p. :$bill. 500 $aDono del Card. Dionigi Tettamanzi. 650 4$aMilano - Aneddoti.$0(OLS)http://semarc/subject/2741 700 1 $aBastone, Giuseppe.$0(OLS)http://semarc/name/60729 700 1 $aMarelli, Roberto.$0(OLS)http://semarc/name/58879 700 1 $aBacchiega, Giorgio.$0(OLS)http://semarc/name/59056 700 1 $aRevelli, Ruggero.$0(OLS)http://semarc/name/60730 700 1 $aCascone, Paola.$0(OLS)http://semarc/name/59055 700 1 $aRecchi, Alberto.$0(OLS)http://semarc/name/59053 773 0 $tMilano della memoria.$dMilano : Comune di Milano, Assessorato al decentramento, 2006.$bed. f.c.$w()16778 850 $aSeMil 852 $aSeMil$W1$xVenegono$y1$m3O IV 52$j107125$B107125$CSeMilBibl$Z2$F116877 $81 941 1 $a5 961 $aOmaggio: Tettamanzi Card. Dionigi 996 $6245$aZona 5$9(OLS)http://semarc/title/227381 LEADER 01500nam a2200301 i 4500 001 000000077065 003 CaOOAMICUS 005 20210420163545.0 008 010809s1997 it u000 u ita u 013 $a48237 020 $a88-209-2394-7 040 $aSeMil$bita 240 00$aComentario Interdisciplinar a la Evangelium Vitae.$0(OLS)http://semarc/title/434606 245 00$aCommento interdisciplinare alla Evangelium vitae /$cdirezione [di] Ramón Lucas Lucas ; prefazione di Juan Vial Correa de Dios./. 264 1$aCittà del Vaticano :$bLibreria Editrice Vaticana,$c1997. 300 $aXXX, 823 p. ;$c21 cm. 500 $aIn testa al front. : Pontificia Accademia per la Vita 650 4$aGiovanni Paolo II - Encicliche . Evangelium Vitae.$0(OLS)http://semarc/subject/20478 700 1 $aLucas Lucas, Ramón,$d<1955- >.$0(OLS)http://semarc/name/37924 700 1 $aVial Correa, Juan de Dios.$0(OLS)http://semarc/name/37925 700 1 $aSgreccia, Elio,$c.$0(OLS)http://semarc/name/1078 850 $aSeMil 852 $aSeMil$W1$xVenegono$y1$m2E III 183$j43217$B43217$CSeMilBibl$Z2$F43435 $81 961 $aAcquisto: Mescat 996 $6020$a88-209-2394-7$9(OLS)http://semarc/number/58463 996 $6245$aCommento interdisciplinare alla Evangelium vitae$9(OLS)http://semarc/title/125071 996 $6264$aCittà del Vaticano :$bLibreria Editrice Vaticana$9(OLS)http://semarc/publisher/29734